| 000 | 00377nam a22001217a 4500 | ||
|---|---|---|---|
| 008 | 230626b xxu||||| |||| 00| 0 eng d | ||
| 082 |
_a332.04 _bHUS |
||
| 100 | _cAshiq Hussain | ||
| 245 |
_aA Textbook of Business Finance _bIncluding past Examination Questions fully solved |
||
| 260 |
_aKijabe street _bHeinemann Educational Books ltd _c1985 |
||
| 300 | _a234p | ||
| 942 |
_2ddc _cBK |
||
| 999 |
_c2741 _d2741 |
||